Anxiety disorders in children and adolescents : Research, assessment, and intervention
Anxiety disorders are among the most prevalent mental health problems in childhood. In this timely book, an international team of psychiatrists and psychologists review the most recent theoretical and empirical developments in the field and indicate how these may inform researchers and clinicians. F...
保存先:
| フォーマット: | 図書 |
|---|---|
| 言語: | Undetermined |
| 出版事項: |
Cambridge, UK
Cambridge University Press
2001
|
| 主題: | |
| タグ: |
タグ追加
タグなし, このレコードへの初めてのタグを付けませんか!
|
| Thư viện lưu trữ: | Trung tâm Học liệu Trường Đại học Cần Thơ |
|---|
| LEADER | 01211nam a2200205Ia 4500 | ||
|---|---|---|---|
| 001 | CTU_167582 | ||
| 008 | 210402s9999 xx 000 0 und d | ||
| 020 | |c 59.45 | ||
| 082 | |a 618.92 | ||
| 082 | |b A637 | ||
| 245 | 0 | |a Anxiety disorders in children and adolescents : | |
| 245 | 0 | |b Research, assessment, and intervention | |
| 245 | 0 | |c Edited by Wendy K. Silverman, Philip D.A. Treffers | |
| 260 | |a Cambridge, UK | ||
| 260 | |b Cambridge University Press | ||
| 260 | |c 2001 | ||
| 520 | |a Anxiety disorders are among the most prevalent mental health problems in childhood. In this timely book, an international team of psychiatrists and psychologists review the most recent theoretical and empirical developments in the field and indicate how these may inform researchers and clinicians. Following a historical introduction, chapters review conceptual and management issues, including cognitive, neurobiological, learning, and developmental processes, and peer group and family influences. | ||
| 650 | |a Anxiety in children,Lo âu của trẻ em,Adolescent psychotherapy,Tâm lý trị liệu vị thành niên | ||
| 904 | |i Trọng Hiếu | ||
| 980 | |a Trung tâm Học liệu Trường Đại học Cần Thơ | ||